00806 2200241 4500001002100000005001500021035002000036007000300056008004100059020002200100082001400122084002000136245019300156260003400349300005100383650001900434650001100453856003500464250001100499110002600510700001200536990001600548INLIS00000000000130820260417012443 a0010-0426000006ta260417 g 0 ind  a978-602-344-302-4 a631.526.3 a631.526.3 KEM p1 aProsiding Seminar Nasional Pemanfaatan varietas lokal untuk menunjang penumpuhan ekonomi masyarakat :bPekan PVT varietasku untuk negeri, Jakarta, 17 Desember 2019 /cKementerian Pertanian aJakarta :bIAARD Press,c2020 aviii + 250 hlm :bills.; tab. ;c21 x 25 cme- 4aVarietas Lokal 4aTernak aPerpustakaan Sekretariat BRMP aCet. 10 aKEMENTERIAN Pertanian0 aWarsidi a3523/2026/B